| 000 | 00579nam a2200193Ia 4500 | ||
|---|---|---|---|
| 008 | 151121s9999||||xx |||||||||||||| ||und|| | ||
| 082 | _a927/अत्रे | ||
| 082 | _bHNW-61058 | ||
| 100 | _aअत्रे प्रभा | ||
| 245 | _aस्वरमयी | ||
| 260 | _b"चेतश्री प्रकाशन, अंमळनेर" | ||
| 260 | _c-- | ||
| 300 | _a212 | ||
| 600 | _aअत्रे प्रभा | ||
| 630 | _aस्वरमयी | ||
| 700 | _aअत्रे प्रभा | ||
| 730 | _aस्वरमयी | ||
| 942 | _cBOOK | ||
| 999 |
_c1242605 _d1242602 |
||